[Event "HUN-chT2 Barcza 0809"]
[Site "Hungary"]
[Date "2009.02.08"]
[Round "7.1"]
[White "Szabo, Leon"]
[Black "Szabolcsi, Janos"]
[Result "0-1"]
[WhiteElo "2223"]
[BlackElo "2389"]
[PlyCount "76"]
[EventDate "2008.10.26"]
[EventType "team-tourn"]
[EventRounds "11"]
[EventCountry "HUN"]
[SourceTitle "EXT 2010"]
[Source "ChessBase"]
[SourceDate "2010.11.25"]
[SourceVersion "1"]
[SourceVersionDate "2010.11.25"]
[SourceQuality "1"]
[WhiteTeam "Kazincbarcika II"]
[BlackTeam "Nyiregyhaza"]
[WhiteTeamCountry "HUN"]
[BlackTeamCountry "HUN"]

1. d4 f5 2. Nc3 d5 3. Nf3 Nf6 4. Ne5 e6 5. h3 Bb4 6. Nd3 Be7 7. Bf4 0-0 8. e3 b6 9. g4 c5 10. Nb5 Nc6 11. Bc7 Qd7 12. Ne5 Nxe5 13. Bxe5 Ne4 14. Nc3 Bh4 15. Nxe4 fxe4 16. Rh2 Bb7 17. Bf4 g5 18. Bg3 Bxg3 19. fxg3 Qc7 20. Rg2 Rf3 21. Qe2 a5 22. c4 Ba6 23. b3 Raf8 24. 0-0-0 Qf7 25. Rg1 cxd4 26. exd4 Rf2 27. Qe3 Qe7 28. Kb1 R8f3 29. Qc1 Qb4 30. Qxg5+ Kf7 31. Qh5+ Ke7 32. Qg5+ Kd7 33. Qg7+ Kc8 34. Qg8+ Kb7 35. Qg7+ Ka8 36. Qg8+ Ka7 37. Qxh7+ Bb7 38. Bd3 Qc3 0-1

[Event "HUN-chT2 Barcza 0708"]
[Site "Hungary"]
[Date "2008.03.02"]
[Round "7"]
[White "Szabo, Leon"]
[Black "Bunda, Viktor"]
[Result "1-0"]
[WhiteElo "2210"]
[BlackElo "2256"]
[PlyCount "71"]
[EventDate "2007.10.14"]
[EventType "team"]
[EventRounds "11"]
[EventCountry "HUN"]
[SourceTitle "EXT 2009"]
[Source "ChessBase"]
[SourceDate "2008.11.26"]
[SourceVersion "1"]
[SourceVersionDate "2008.11.26"]
[SourceQuality "1"]
[WhiteTeam "Kazincbarcika II"]
[BlackTeam "Munkacs"]
[WhiteTeamCountry "HUN"]
[BlackTeamCountry "HUN"]

1. d4 Nf6 2. Bg5 Ne4 3. Bf4 e6 4. f3 Bd6 5. Bxd6 Nxd6 6. e4 f5 7. Nc3 0-0 8. Qd2 fxe4 9. fxe4 b5 10. Bd3 Bb7 11. Qe3 b4 12. Nce2 Qh4+ 13. Ng3 Nc6 14. Nf3 Qf4 15. Qxf4 Rxf4 16. e5 Nf5 17. Bxf5 exf5 18. Ne2 Rg4 19. Kf2 Ne7 20. a3 Nd5 21. Rhd1 a5 22. axb4 axb4 23. Rxa8+ Bxa8 24. Ra1 Bc6 25. e6 d6 26. Ra6 Ne7 27. Ra7 Re4 28. Rxc7 Rxe6 29. Ng5 Rg6 30. h4 Kf8 31. Nf4 Rh6 32. Nfe6+ Ke8 33. Nxg7+ Kf8 34. Rxe7 Rxh4 35. Rf7+ Kg8 36. N7e6 1-0

[Event "HUN-chT2 Barcza 0708"]
[Site "Hungary"]
[Date "2007.11.11"]
[Round "2"]
[White "Szabo, Leon"]
[Black "Kucsa, Andras"]
[Result "1-0"]
[WhiteElo "2210"]
[BlackElo "1939"]
[PlyCount "49"]
[EventDate "2007.10.14"]
[EventType "team"]
[EventRounds "11"]
[EventCountry "HUN"]
[SourceTitle "EXT 2009"]
[Source "ChessBase"]
[SourceDate "2008.11.26"]
[SourceVersion "1"]
[SourceVersionDate "2008.11.26"]
[SourceQuality "1"]
[WhiteTeam "Kazincbarcika II"]
[BlackTeam "Piremon"]
[WhiteTeamCountry "HUN"]
[BlackTeamCountry "HUN"]

1. d4 Nf6 2. Bg5 g6 3. Nc3 Bg7 4. e4 d6 5. f3 0-0 6. Qd2 e5 7. dxe5 dxe5 8. Qxd8 Rxd8 9. Bxf6 Bxf6 10. Nd5 Rxd5 11. exd5 Bg5 12. Bd3 Nd7 13. h4 Bf4 14. Ne2 Be3 15. Nc3 a6 16. h5 Nc5 17. Ke2 Bd4 18. hxg6 hxg6 19. Rh2 f5 20. Rah1 e4 21. fxe4 fxe4 22. Nxe4 Bg4+ 23. Kd2 Nxe4+ 24. Bxe4 Bf2 25. Rh8+ 1-0

[Event "HUN-chT 0607"]
[Site "Hungary"]
[Date "2007.05.20"]
[Round "11"]
[White "Glatt, Gabor"]
[Black "Szabo, Leon"]
[Result "1/2-1/2"]
[WhiteElo "2278"]
[BlackElo "2148"]
[PlyCount "95"]
[EventDate "2006.11.12"]
[EventType "team"]
[EventRounds "11"]
[EventCountry "HUN"]
[SourceTitle "EXT 2008"]
[Source "ChessBase"]
[SourceDate "2007.11.25"]
[SourceVersion "1"]
[SourceVersionDate "2007.11.25"]
[SourceQuality "1"]
[WhiteTeam "Statisztika"]
[BlackTeam "Edeleny"]
[WhiteTeamCountry "HUN"]
[BlackTeamCountry "HUN"]

1. d4 Nf6 2. c4 Nc6 3. Nc3 e5 4. d5 Ne7 5. e4 Ng6 6. h4 Bb4 7. h5 Ne7 8. f3 h6 9. Nge2 Bxc3+ 10. Nxc3 d6 11. Be3 Nd7 12. g4 a5 13. a3 Nc5 14. Rh2 Na6 15. b4 Bd7 16. Qb3 0-0 17. 0-0-0 b6 18. Rb2 Nc8 19. Qc2 axb4 20. axb4 Qe7 21. Kb1 Rd8 22. Bd3 f6 23. Qe2 Nb8 24. Ra2 Rxa2 25. Qxa2 Qf8 26. Rc1 Be8 27. Qa8 Ne7 28. Qa7 Rc8 29. c5 bxc5 30. bxc5 Bf7 31. c6 Nbxc6 32. dxc6 Nxc6 33. Qa4 Rb8+ 34. Nb5 Ra8 35. Qd1 Nb4 36. Bc4 c6 37. Nxd6 Bxc4 38. Rxc4 Qb8 39. Qb3 Nd5 40. Nb7 Nxe3 41. Rb4+ Kh7 42. Qxe3 Ra7 43. Qb3 Qa8 44. Qb2 Qf8 45. Rb6 Qe7 46. Qb4 Qxb4+ 47. Rxb4 Ra3 48. Nc5 1/2-1/2

[Event "HUN-chT 0607"]
[Site "Hungary"]
[Date "2007.05.06"]
[Round "10"]
[White "Szabo, Leon"]
[Black "Dombai, Istvan"]
[Result "0-1"]
[WhiteElo "2148"]
[BlackElo "2207"]
[PlyCount "50"]
[EventDate "2006.11.12"]
[EventType "team"]
[EventRounds "11"]
[EventCountry "HUN"]
[SourceTitle "EXT 2008"]
[Source "ChessBase"]
[SourceDate "2007.11.25"]
[SourceVersion "1"]
[SourceVersionDate "2007.11.25"]
[SourceQuality "1"]
[WhiteTeam "Edeleny"]
[BlackTeam "BEAC"]
[WhiteTeamCountry "HUN"]
[BlackTeamCountry "HUN"]

1. d4 d5 2. Nf3 Nf6 3. e3 c5 4. c3 Nc6 5. Bd3 Bg4 6. Be2 e6 7. Ne5 Bxe2 8. Qxe2 Bd6 9. f4 0-0 10. Nd2 Qe7 11. g4 Nd7 12. g5 f6 13. gxf6 gxf6 14. Nd3 e5 15. Qg2+ Kh8 16. Qxd5 Nb6 17. Qf3 cxd4 18. cxd4 exf4 19. Nb3 fxe3 20. Qxe3 Qf7 21. 0-0 Qh5 22. Qf2 Rae8 23. Bf4 Re2 24. Qf3 Rg8+ 25. Kh1 Qxh2+ 0-1

[Event "HUN-chT 0607"]
[Site "Hungary"]
[Date "2007.03.03"]
[Round "4"]
[White "Lakos, Nikoletta"]
[Black "Szabo, Leon"]
[Result "1-0"]
[WhiteElo "2332"]
[BlackElo "2148"]
[PlyCount "115"]
[EventDate "2006.11.12"]
[EventType "team"]
[EventRounds "11"]
[EventCountry "HUN"]
[SourceTitle "EXT 2008"]
[Source "ChessBase"]
[SourceDate "2007.11.25"]
[SourceVersion "1"]
[SourceVersionDate "2007.11.25"]
[SourceQuality "1"]
[WhiteTeam "Haladas"]
[BlackTeam "Edeleny"]
[WhiteTeamCountry "HUN"]
[BlackTeamCountry "HUN"]

1. e4 e6 2. d4 d5 3. Nd2 Nc6 4. Ngf3 Nf6 5. e5 Nd7 6. Be2 b6 7. 0-0 Bb7 8. Re1 Qe7 9. Nf1 0-0-0 10. c3 f6 11. Bb5 Qf7 12. Qa4 Ndb8 13. Ng3 h5 14. h4 Be7 15. Bd3 Nd7 16. Qc2 Nf8 17. b4 Rg8 18. Nf1 Re8 19. a4 Bd8 20. a5 g5 21. exf6 gxh4 22. axb6 Qxf6 23. N1h2 axb6 24. Kh1 Re7 25. Be3 Reg7 26. Rg1 Be7 27. Qd2 Bd6 28. Bh6 Rf7 29. Bg5 Qg7 30. Bxh4 Ng6 31. Bxg6 Qxg6 32. Rae1 Bf4 33. Qe2 Kd7 34. g3 Bd6 35. Ng5 Rf6 36. f4 Re8 37. Nhf3 Qf5 38. Ne5+ Bxe5 39. fxe5 Rg6 40. Rgf1 Qg4 41. Qh2 Rxg5 42. Rf4 Rf5 43. Rxg4 hxg4 44. Bf6 Rf3 45. Qh7+ Ne7 46. Kg2 Rxc3 47. b5 Rc4 48. Rf1 Rxd4 49. Bxe7 Rxe7 50. Rf7 Rxf7 51. Qxf7+ Kd8 52. Qf8+ Kd7 53. Qf7+ Kd8 54. Qxe6 Re4 55. Qf6+ Kc8 56. Qf8+ Kd7 57. Qf7+ Kd8 58. e6 1-0

[Event "HUN-chT 0607"]
[Site "Hungary"]
[Date "2006.11.12"]
[Round "1"]
[White "Szabo, Leon"]
[Black "Szabolcsi, Janos"]
[Result "1/2-1/2"]
[WhiteElo "2148"]
[BlackElo "2340"]
[PlyCount "93"]
[EventDate "2006.11.12"]
[EventType "team"]
[EventRounds "11"]
[EventCountry "HUN"]
[SourceTitle "EXT 2008"]
[Source "ChessBase"]
[SourceDate "2007.11.25"]
[SourceVersion "1"]
[SourceVersionDate "2007.11.25"]
[SourceQuality "1"]
[WhiteTeam "Edeleny"]
[BlackTeam "Postas/MTK"]
[WhiteTeamCountry "HUN"]
[BlackTeamCountry "HUN"]

1. d4 d5 2. Nf3 Nf6 3. e3 c5 4. c3 Qc7 5. Ne5 g6 6. Bd3 Bg7 7. Nd2 0-0 8. f4 Nc6 9. 0-0 Nd7 10. Nxc6 bxc6 11. f5 Qb6 12. Kh1 Ba6 13. Qe2 Bxd3 14. Qxd3 e6 15. g4 e5 16. dxe5 Nxe5 17. Qe2 Rfe8 18. e4 Qd8 19. Qg2 dxe4 20. Nxe4 Qd5 21. Nf2 Rab8 22. Qxd5 cxd5 23. Bf4 Rxb2 24. Rae1 c4 25. f6 Bxf6 26. g5 Bxg5 27. Bxe5 Rxa2 28. Ng4 f5 29. h4 fxg4 30. hxg5 a5 31. Bf6 Ree2 32. Rxe2 Rxe2 33. Ra1 Kf7 34. Bd4 Ke6 35. Rxa5 g3 36. Kg1 Rb2 37. Rc5 Re2 38. Kf1 Ra2 39. Rb5 Rc2 40. Ra5 Rb2 41. Kg1 Rd2 42. Rb5 Ra2 43. Rc5 Kf5 44. Rxd5+ Kg4 45. Re5 Ra1+ 46. Kg2 Ra2+ 47. Kg1 1/2-1/2